000 00531nam a2200193Ia 4500
005 20250923145029.0
008 008 250917s9999 xx 000 0 eng d
037 _aTextual
040 _aDSWL
_beng
_cDSWL
041 _aeng
_2eng
084 _qDSWL
100 _aRoss, A.M.
_9831060
245 0 _aChanging patterns of industrial conflicts
_cby A.M. Ross
260 _aNew York
_b John Wiley & Sons
_c1960
300 _axvi,288 p.
700 _aP.T. Hartman
_9831061
942 _cTEXL
999 _c1446245
_d1446245